000 00281nam a22001337a 4500
003 SGT
020 _a97815-43344-09-7
100 _aMALVIYA, KIRTI
245 _aINDUSTRIAL PHARMACY
250 _a1st
260 _aS, VIKASH
_bPUNJAB
_c2020
650 _a PHARMACY
942 _2ddc
_cBK
999 _c24716
_d24716